000 002300000a22000970004500
100 1 _aRanney, Stephen L.
245 1 0 _aStrategies for fuelwood savings
300 _aNúm 10 (1986), Páginas 35-37
773 0 _tTogether
942 _cANA
999 _c56943
_d56943